Recueil international de législation sanitaire; Vol.43(2)/1992

Gorde:
Xehetasun bibliografikoak
Egile nagusia: OMS
Formatua: Liburua
Hizkuntza:Undetermined
Argitaratua: Genève OMS 1992
Gaiak:
Etiketak: Etiketa erantsi
Etiketarik gabe, Izan zaitez lehena erregistro honi etiketa jartzen!
Thư viện lưu trữ: Trung tâm Học liệu Trường Đại học Cần Thơ
LEADER 00513nam a2200181Ia 4500
001 CTU_6795
008 210402s9999 xx 000 0 und d
082 |a 614 
082 |b O.68/V43.2 
100 |a OMS 
245 0 |a Recueil international de législation sanitaire; Vol.43(2)/1992 
245 0 |c OMS 
260 |a Genève 
260 |b OMS 
260 |c 1992 
650 |a medical laws and legislation 
904 |i Nguyễn Quang Điền, 960824 
980 |a Trung tâm Học liệu Trường Đại học Cần Thơ